00668nam a2200241 a 4500001001300000003000900013005001700022008004100039020000800080082001500088100001700103245003200120260003600152300000900188500003500197505001000232650002500242700001700267902000800284942000700292952011200299999001500411nice12345678IN_TiNIC20260116012343.0050524s1960 deoa grp 000 0 urd  ac600a297.5bABU aAbul Hasan,  aPareshanion Ka Sharai Ilaaj aDeobandbAzeem Book Depotc1960 a160p aincludes index and biblioraphy2 aIndex aIslam-Moral Theology1 aAbul Hasan,  bSRS cBK 001040708StackRoom-aHMIbHMId2007-07-03g6.00l0o297.5 ABUp010038r2007-07-03v6.00w2005-05-24yBK c6670d6670